000 00990nam a2200241Ia 4500
003 OSt
005 20220923221316.0
006 a|||||r|||| 00| 0
007 ta
008 220922b |||||||| |||| 00| 0 hin d
024 _a196,998
037 _cTextual
040 _aARTS
_cARTS
_bhin
041 _2hin
_ahin
082 _aP152, 152M01
100 _aश्री वास्तव, रवीन्द्रनाथ, संपादक; तिवारी, भोलानाथ, संपादक
_9165371
245 0 _aअनुप्रयुक्त भाषाविज्ञान
246 _aAnuprayukta bhāṣhāvijnyāna
260 _aदिल्ली
_b आलेख प्रकाशन
_c1980
300 _a218पृ.
_ccm.
942 _hP152, 152M01
_cTEXL
_2CC
999 _c348869
_d348869